|
|
|
|
| LEADER |
03628nam a22003853i 4500 |
| 001 |
EBC6790370 |
| 003 |
MiAaPQ |
| 005 |
20240729202203.0 |
| 006 |
m o d | |
| 007 |
cr cnu|||||||| |
| 008 |
240729s2021 xx o ||||0 eng d |
| 020 |
|
|
|a 9789179290382
|q (electronic bk.)
|
| 035 |
|
|
|a (MiAaPQ)EBC6790370
|
| 035 |
|
|
|a (Au-PeEL)EBL6790370
|
| 035 |
|
|
|a (OCoLC)1283844869
|
| 040 |
|
|
|a MiAaPQ
|b eng
|e rda
|e pn
|c MiAaPQ
|d MiAaPQ
|
| 100 |
1 |
|
|a Cirillo, Marco Domenico.
|
| 245 |
1 |
2 |
|a A Path along Deep Learning for Medical Image Analysis :
|b With Focus on Burn Wounds and Brain Tumors.
|
| 250 |
|
|
|a 1st ed.
|
| 264 |
|
1 |
|a Linköping :
|b Linkopings Universitet,
|c 2021.
|
| 264 |
|
4 |
|c {copy}2021.
|
| 300 |
|
|
|a 1 online resource (101 pages)
|
| 336 |
|
|
|a text
|b txt
|2 rdacontent
|
| 337 |
|
|
|a computer
|b c
|2 rdamedia
|
| 338 |
|
|
|a online resource
|b cr
|2 rdacarrier
|
| 490 |
1 |
|
|a Linköping Studies in Science and Technology. Dissertations Series ;
|v v.2175
|
| 505 |
0 |
|
|a Intro -- Abstract -- Acknowledgments -- Contents -- List of Figures -- Introduction -- Aim -- Delimitations -- Research questions -- Included papers -- Research ethics -- Outline -- Burn Wounds and Brain Tumors -- Burn wounds -- Pathophysiology -- Assessment methods -- Brain tumors -- Pathophysiology -- Assessment methods -- Reflections -- Image Features -- Type of features -- Color features -- Edge feature -- Texture features -- Mixed features -- Principal component analysis -- Independent component analysis -- Tensor decomposition -- Deep features -- Convolution -- Deep features -- Reflections -- Convolutional Neural Networks -- Deep learning basics -- Loss functions -- Forward and backward propagation -- Data pre-processing -- Weight initialization -- Normalization layers -- Activation functions -- Optimization -- Regularization -- Residual block -- Convolutional neural networks -- Convolutional layers -- CNNs for image classification -- CNNs for image segmentation -- CNNs for image generation -- Reflections -- Image Augmentation -- Image Augmentation Techniques -- Patch extraction -- Flipping -- Rotation -- Scaling -- Elastic grid-based deformation -- Brightness -- Reflections -- Generative Adversarial Networks -- Generator and discriminator -- GANs in medical imaging -- GAN losses -- Image-to-image GANs -- Pix2Pix -- Semantic image synthesis with spatially-adaptive normalization -- Reflections -- Papers, Discussions and Conclusions -- Paper I: Tensor decomposition for colour image segmentation of burn wounds -- Paper II: Time-independent prediction of burn depth using deep convolutional neural networks -- Paper III: Improving burn depth assessment for pediatric scalds by AI based on semantic segmentation of polarized light photography images -- Paper IV: Vox2Vox: 3D-GAN for brain tumour segmentation.
|
| 505 |
8 |
|
|a Paper V: What is the best data augmentation for 3D brain tumor segmentation? -- Conclusions -- Bibliography -- Papers.
|
| 588 |
|
|
|a Description based on publisher supplied metadata and other sources.
|
| 590 |
|
|
|a Electronic reproduction. Ann Arbor, Michigan : ProQuest Ebook Central, 2024. Available via World Wide Web. Access may be limited to ProQuest Ebook Central affiliated libraries.
|
| 655 |
|
4 |
|a Electronic books.
|
| 776 |
0 |
8 |
|i Print version:
|a Cirillo, Marco Domenico
|t A Path along Deep Learning for Medical Image Analysis
|d Linköping : Linkopings Universitet,c2021
|
| 797 |
2 |
|
|a ProQuest (Firm)
|
| 830 |
|
0 |
|a Linköping Studies in Science and Technology. Dissertations Series
|
| 856 |
4 |
0 |
|u https://ebookcentral.proquest.com/lib/matrademy/detail.action?docID=6790370
|z Click to View
|